Social problems and the quality of life / (Record no. 601128)

000 -LEADER
fixed length control field 00292nam a2200109Ia 4500
008 - FIXED-LENGTH DATA ELEMENTS--GENERAL INFORMATION
fixed length control field 230907s9999||||xx |||||||||||||| ||und||
082 ## - DEWEY DECIMAL CLASSIFICATION NUMBER
Classification number 306.0973
Author Mark LAU
100 ## - MAIN ENTRY--PERSONAL NAME
Personal name Lauer, Robert H.
9 (RLIN) 116128
245 #0 - TITLE STATEMENT
Title Social problems and the quality of life /
300 ## - PHYSICAL DESCRIPTION
Extent xvii, 558 pages :
942 ## - ADDED ENTRY ELEMENTS (KOHA)
Koha item type Book
Holdings
Withdrawn status Lost status Damaged status Not for loan Permanent Location Current Location Date acquired Total Checkouts Full call number Barcode Date last seen Price effective from Koha item type
        US-Pakistan Center for Advanced Studies in Energy (USPCAS-E) US-Pakistan Center for Advanced Studies in Energy (USPCAS-E) 11/20/2019   306.0973 LAU CAS-E0005227 09/12/2023 09/12/2023 Book
© 2023 Central Library, National University of Sciences and Technology. All Rights Reserved.